Nordic Countries and Territories - Statistics

General Stats
  • This quiz has been taken 1,705 times
  • The average score is 7 of 9
Answer Stats
Answer % Correct
Denmark
99%
Finland
99%
Norway
99%
Sweden
99%
Iceland
97%
Greenland
90%
Faroe Islands
71%
Svalbard
58%
Åland Islands
31%
No matching quizzes found
Score Distribution
Percent of People with Each Score
Percentile by Number Answered
Your Score History
You have not taken this quiz